Le Po kia sing en écriture 'phags-pa

Elmentve itt :
Bibliográfiai részletek
Szerző: Ligeti Lajos
Dokumentumtípus: Cikk
Megjelent: 1956
Sorozat:Acta Orientalia Academiae Scientiarum Hungaricae;Acta Orientalia Academiae Scientiarum Hungaricae : a Magyar Tudományos Akadémia orientalisztikai közleményei
Kulcsszavak:kínai nyelvemlék - phags-pa írásos - 13-14. sz.
Tárgyszavak:
Online Access:http://misc.bibl.u-szeged.hu/62319
LEADER 00960nab a2200253 i 4500
001 misc62319
005 20221027131156.0
008 220608s1956 hu o 0|| fre d
022 |a 0001-6446 
040 |a SZTE Miscellanea Repozitórium  |b hun 
041 |a fre 
041 |a rus 
041 |a chi 
100 1 |a Ligeti Lajos 
245 1 3 |a Le Po kia sing en écriture 'phags-pa  |h [elektronikus dokumentum] /  |c  Ligeti Lajos 
260 |c 1956 
300 |a 52 p.  |c 24 cm 
490 0 |a Acta Orientalia Academiae Scientiarum Hungaricae;Acta Orientalia Academiae Scientiarum Hungaricae : a Magyar Tudományos Akadémia orientalisztikai közleményei 
561 |a Németh Gyula hagyaték 
591 |a LOC 2194; NOC 3224; NOC 3225; NOC 3226 
650 4 |a Bölcsészettudományok 
650 4 |a Nyelvek és irodalom 
695 |a kínai nyelvemlék - phags-pa írásos - 13-14. sz. 
856 4 0 |u http://misc.bibl.u-szeged.hu/62319/1/3224_noc_l66.pdf  |z Dokumentum-elérés